Poznańskie przystanki tramwajowe A-Z - Statystyki

Ogólne statystyki
  • Ten quiz został rozwiązany 53 razy
  • Średni wynik to 15 z 23
Statystyki odpowiedzi
Hint Odpowiedź % Poprawnych
P Pamiątkowa | Park Wilsona | Pasieka | Piaśnicka Rynek | Piaśnicka/Kurlandzka | Piątkowska | Pl. Bernardyński | Pl. Ratajskiego | Pl. Wielkopolski | Pl. Wiosny Ludów | Polanka | Politechnika | Polna | Połabska | Poznań Główny | Półwiejska | Przełajowa
100%
B Bałtyk | Baraniaka | Błażeja | Bonin | Budziszyńska | Bukowska | Bułgarska Enea Stadion | Burysława | Bystra
97%
R Rolna | Rondo Kaponiera | Rondo Nowaka-Jeziorańskiego | Rondo Rataje | Rondo SkubiszewskiegoRondo Solidarności | Rondo Starołęka | Rondo Śródka | Rondo Żegrze | Różana | Rubież | Rynek Jeżycki | Rynek Łazarski | Rynek Wildecki
94%
A Aleje Marcinkowskiego | Aleje Solidarności | Arciszewskiego | Arena | Armii Poznań | AWF
91%
G Głogowska/Hetmańska | Górczyn PKM | Grochowska | Grotkowska | Gwarna
88%
S Serafitek | Serbska | Sielska | Sołacz | Stare Zoo | Starołęka Mała | Starołęka PKM | Szpital Świętego Wojciecha | Szwajcarska | Szwedzka | Szymanowskiego
85%
K Katedra | Klin | Kolejowa | Koronkowa | Kosińskiego | Kórnicka | Krańcowa | Kraszewskiego | Krauthofera | Kurpińskiego
82%
F Fredry | Franowo
79%
M Małe Garbary | Matejki | Miłostowo | Mogileńska | Most Dworcowy | Most Teatralny | Murawa
79%
O Ogrody | Os. Czecha | Os. Lecha | Os. Piastowskie | Os. Rzeczypospolitej | Os. Sobieskiego | Os. Tysiąclecia | Os. Winiary | Ostroroga
79%
J Jasna Rola | Junikowo
70%
Ż Żegrze I | Żegrze II | Żegrze III | Żeromskiego | Żniwna
70%
D Dębiec PKM | Drzewieckiego | Dworzec Zachodni
67%
W Węgorka | Wielkopolska | Wierzbięcice | Włodkowica | Wojskowa | Wrocławska | Wspólna
64%
T Tadeuszak | Termalna | Traugutta
58%
Z Zamek | Zawady | Zwierzyniecka
52%
U Unii Lubelskiej | Uniwersytet Ekonomiczny | Uniwersytet Przyrodniczy
48%
Ł Łacina | Łąkowa | Łokietka | Łomżyńska
39%
L Lechicka/Naramowicka | Lechicka/Poznań Plaza | Lutycka Szpital
39%
Ś Św. Czesława | Św. Leonarda | Św. Michała
39%
H Hetmańska Wiadukt
30%
N Nad Wierzbakiem | Naramowice
27%
C Cmentarna
24%
Nie znaleziono quizów pasujących do podanych kryteriów
Rozkład punktacji
Procent ludzi z każdym wynikiem
Percentyl według liczby udzielonych odpowiedzi
Twoja historia wyników
Nie rozwiązałeś tego quizu